<?xml version="1.0" encoding="UTF-8"?>
<record
    xmlns:xsi="http://www.w3.org/2001/XMLSchema-instance"
    xsi:schemaLocation="http://www.loc.gov/MARC21/slim http://www.loc.gov/standards/marcxml/schema/MARC21slim.xsd"
    xmlns="http://www.loc.gov/MARC21/slim">

  <leader>01206nam a22002895i 4500</leader>
  <controlfield tag="001">157334</controlfield>
  <controlfield tag="003">ES-MaACL</controlfield>
  <controlfield tag="005">20250814015826.0</controlfield>
  <controlfield tag="008">950206s1886    sp           |||| | spa d</controlfield>
  <datafield tag="080" ind1=" " ind2=" ">
    <subfield code="a">58</subfield>
  </datafield>
  <datafield tag="100" ind1="1" ind2=" ">
    <subfield code="a">L&#xE1;zaro e Ibiza, Blas,</subfield>
    <subfield code="d">1858-1921</subfield>
    <subfield code="9">70800</subfield>
  </datafield>
  <datafield tag="245" ind1="1" ind2="0">
    <subfield code="a">Manual de bot&#xE1;nica general / </subfield>
    <subfield code="c">por Blas L&#xE1;zaro e Ybiza.</subfield>
  </datafield>
  <datafield tag="260" ind1=" " ind2=" ">
    <subfield code="a">Madrid : </subfield>
    <subfield code="b">Est. Tip. Editorial de G. Estrada, </subfield>
    <subfield code="c">1886.</subfield>
  </datafield>
  <datafield tag="300" ind1=" " ind2=" ">
    <subfield code="a">248 p. ; </subfield>
    <subfield code="c">19 cm.</subfield>
  </datafield>
  <datafield tag="490" ind1="1" ind2=" ">
    <subfield code="a">Biblioteca enciclop&#xE9;dica popular ilustrada. Secci&#xF3;n 3&#xAA;. Conocimientos &#xFA;tiles</subfield>
  </datafield>
  <datafield tag="505" ind1="8" ind2=" ">
    <subfield code="a">Contiene: Parte 1&#xAA;: Histolog&#xED;a vegetal . Parte 2&#xAA;: Morfolog&#xED;a vegetal . Parte 3&#xAA;: Fisiolog&#xED;a vegetal</subfield>
  </datafield>
  <datafield tag="530" ind1=" " ind2=" ">
    <subfield code="a">Disponible en formato digital.</subfield>
  </datafield>
  <datafield tag="650" ind1=" " ind2="7">
    <subfield code="a">Bot&#xE1;nica</subfield>
    <subfield code="2">embne</subfield>
    <subfield code="9">10610</subfield>
  </datafield>
  <datafield tag="650" ind1=" " ind2="4">
    <subfield code="a">Histolog&#xED;a vegetal.</subfield>
    <subfield code="9">142286</subfield>
  </datafield>
  <datafield tag="650" ind1=" " ind2="4">
    <subfield code="a">Morfolog&#xED;a vegetal.</subfield>
    <subfield code="9">157216</subfield>
  </datafield>
  <datafield tag="650" ind1=" " ind2="4">
    <subfield code="a">Fisiolog&#xED;a vegetal.</subfield>
    <subfield code="9">12891</subfield>
  </datafield>
  <datafield tag="700" ind1="1" ind2=" ">
    <subfield code="a">Estrada, Gregorio.</subfield>
    <subfield code="9">126979</subfield>
  </datafield>
  <datafield tag="830" ind1="1" ind2=" ">
    <subfield code="a">Biblioteca enciclop&#xE9;dica popular ilustrada. Secci&#xF3;n 3&#xAA;. Conocimientos &#xFA;tiles</subfield>
    <subfield code="9">180990</subfield>
  </datafield>
  <datafield tag="852" ind1="4" ind2=" ">
    <subfield code="a">ES-MaACL</subfield>
    <subfield code="j">F-13607      </subfield>
    <subfield code="z">- Enc. hol.</subfield>
  </datafield>
  <datafield tag="856" ind1="4" ind2=" ">
    <subfield code="u">http://bdh-rd.bne.es/viewer.vm?id=0000041574&amp;page=1 </subfield>
    <subfield code="z">Biblioteca Digital Hisp&#xE1;nica</subfield>
  </datafield>
  <datafield tag="999" ind1=" " ind2=" ">
    <subfield code="c">157334</subfield>
    <subfield code="d">157334</subfield>
  </datafield>
  <datafield tag="952" ind1=" " ind2=" ">
    <subfield code="0">0</subfield>
    <subfield code="1">0</subfield>
    <subfield code="4">0</subfield>
    <subfield code="7">0</subfield>
    <subfield code="8">Colecci&#xF3;n_digital</subfield>
    <subfield code="a">ATENEOM</subfield>
    <subfield code="b">ATENEOM</subfield>
    <subfield code="c">SPP2</subfield>
    <subfield code="d">2008-01-17</subfield>
    <subfield code="e">SSC</subfield>
    <subfield code="l">0</subfield>
    <subfield code="o">F-13607</subfield>
    <subfield code="p">1164649</subfield>
    <subfield code="r">2023-02-23 00:00:00</subfield>
    <subfield code="w">2023-02-23</subfield>
    <subfield code="y">MONANT</subfield>
  </datafield>
</record>
